Yo destruiré este templo: el templo y el judaísmo en el Evangelio de Marcos
Saved in:
| 主要作者: | |
|---|---|
| 格式: | 圖書 |
| 語言: | 西班牙语 |
| 出版: |
Madrid
El Almendro
1992
|
| 主題: | |
| 標簽: |
添加標簽
沒有標簽, 成為第一個標記此記錄!
|
MARC
| LEADER | 00000nam a2200000 a 4500 | ||
|---|---|---|---|
| 001 | UCX7466 | ||
| 003 | CL-VaPUC | ||
| 008 | 931213e19920000SP |||||||||||||||||spa|d | ||
| 082 | 0 | 4 | |a 226.3 |b BIG |2 21 |
| 100 | 0 | |a Biguzzi, Giancarlo |e author |9 324312 | |
| 245 | 1 | 0 | |a Yo destruiré este templo: el templo y el judaísmo en el Evangelio de Marcos |
| 300 | |a 200 p | ||
| 942 | |c BK | ||
| 945 | |d 19931213 00:00:00 |a aalvarez | ||
| 260 | |a Madrid |b El Almendro |c 1992 | ||
| 600 | 0 | 7 | |a TEMPLO DE JERUSALEM |2 CL-VaPUC |9 324313 |
| 583 | |a last modification |c 19931213 00:00:00 |k Rodrigo Vera | ||
| 999 | |c 227276 |d 227274 | ||
| 952 | |0 0 |1 0 |4 0 |6 226_300000000000000_BIG_1992 |7 0 |8 A |9 226180 |a BIBTEO |b BIBTEO |d 2019-11-15 |i 2953110 |l 2 |m 2 |o 226.3 BIG 1992 |p 2953110 |r 2025-01-17 |s 2024-09-04 |w 2019-11-15 |y BK |k ICR | ||